000 00685nam a2200217 a 4500
001 BRCA_7065
005 20190320205711.0
008 061211s2011----mx-a######---#000-0#spa-#
041 _aspa
044 _amx
050 4 _aNB1277
_b.R35 2011
245 1 0 _aRaíces
_bRivelino.
260 _aMéxico
_c2011
300 _a2 v.
_bil. a color
_c29 cm.
500 _aDel v.1 se cuenta con 2 ejemplares, uno pasa al Área de Investigación
505 0 _aContenido: v.1. Presentación general. -- v.2. Logística de montaje simultáneo
600 1 4 _aRivelino
_d1973-
_917569
650 1 4 _aEscultores mexicanos
_ySiglo XIX-XX
_917570
650 1 4 _aArte contemporáneo
_917571
942 _2lcc
_cB
999 _c6746
_d6746